The nigerian journal of public law (njpl) (Record no. 38722)

MARC details
000 -LEADER
fixed length control field 00496nam a2200169Ia 4500
022 ## - INTERNATIONAL STANDARD SERIAL NUMBER
ISSN 2006473x
050 ## - CALL MARK
Classification number K 60 .L13/
245 #4 - TITLE STATEMENT
Title The nigerian journal of public law (njpl)
260 ## - PUBLICATION, DISTRIBUTION, ETC. (IMPRINT)
Place of publication Enugu
260 ## - PUBLICATION, DISTRIBUTION, ETC. (IMPRINT)
Name of publisher Department of Public and Private Law, University of Nigeria.
260 ## - PUBLICATION, DISTRIBUTION, ETC. (IMPRINT)
Year of publication 2008
300 ## - PHYSICAL DESCRIPTION
Number of Pages vi, 373 p. ; 26 cm.
650 ## - SUBJECT ADDED ENTRY--TOPICAL TERM
Topical Term Public law--Nigeria--Periodicals. Law reviews--Nigeria.
942 ## - ADDED ENTRY ELEMENTS (KOHA)
Koha item type Serials

No items available.